00603nam a22002177a 4500003000400000005001700004008004100021010001300062016001300075020002200088035001300110037001500123040002000138082000800158100003000166245006400196260003400260270004300294300002400337700002400361dpl20180818131009.0180818b xxu||||| |||| 00| 0 eng d aA-707242 aA-707242 a8190027034c30.00 aA-707242 bBPPD / PUB adplbEnglishc0 a220 aPaliwal, Krishna vallabh  aThe Hindu ?cby Krishna vallabh paliwal, Brahm datt bharti  aNew Delhi :bEra books c1994 a52/47, Ramajas roadbNew Delhie110005 a100p. c22 cm. (Hb) aBharti, Brahm Datt